=LDR 00000nam 2200000 4500 =001 INLIS000000000036482 =005 20130612142251 =008 ***********************************Ind** =035 ##$$0010-061300000036482 =041 ##$$a Ind =082 ##$$a 635 =090 ##$$a 635 Rah a =100 ##$$a Rahardi F =245 ##$$a Agribisnis Tanaman Sayur , F. Rahardi =260 ##$$a 2004 $b Jakarta =300 ##$$a 52 hlm. , Ilus , 20 cm =850 ##$$a NBPNMAT =990 ##$$a 0001/BPAP-NTB/2015